000 00210nam a2200097Ia 4500
008 240331s9999 xx 000 0 und d
082 _bCRE
100 _aGreswell,J.W
245 0 _aQualitative inquiry
942 _cL
999 _c4504
_d4504